| 000 | 01642nam0a22002531 4500 | ||
|---|---|---|---|
| 001 | rc\4492885 | ||
| 005 | 20260407154724.0 | ||
| 021 |
_aRU _b[65-24777] |
||
| 035 | _a(NLR Aleph) 008609718 | ||
| 090 |
_a8756008 _c8756008 |
||
| 100 | _a20130416d1965 |||y0rusy50 ca | ||
| 101 | 0 | _arus | |
| 102 | _aRU | ||
| 105 | _ay z ||||| | ||
| 200 | 1 |
_aКраткий отчет и решения совещания. [22-25 октября 1963 г.] _fГос. производ. ком. по энергетике и электрификации СССР. Всесоюз. науч.-исслед. ин-т гидротехники им. Б.Е. Веденеева. АН СССР. Совет по проблемам водного хозяйства. Сиб. науч.-исслед. ин-т энергетики. МРФ РСФСР. Ленингр. ин-т водного транспорта. Координационное совещание по теме "Воздействие льда на сооружения и методы борьбы с ледовыми затруднениями" |
|
| 210 |
_aЛенинград _cБ. и. _d1965 |
||
| 215 |
_a10 с. _d19 |
||
| 606 |
_aГидротехнические сооружения _xДавление льда _2psbo |
||
| 710 | 1 | 2 |
_aКоординационное совещание по теме "Воздействие льда на сооружения и методы борьбы с ледовыми затруднениями" _f1963 _eЛенинград _3RU\NLR\AUTH\8810095870 _9693005 |
| 801 | 0 |
_aRU _bNLR _gpsbo |
|
| 801 | 1 |
_aRU _bELAR _2rusmarc |
|
| 852 |
_aNLR _j65-4/5491 |
||
| 942 | _cBOOK | ||
| 980 | _aNB | ||